000 00346nam a22001217a 4500
999 _c4886
_d4886
008 250421b ||||| |||| 00| 0 eng d
020 _a9781484786437
082 _a428.6 WES
100 _aWEST,ALEXANDRA
_eAUTHOR
245 _aSPIDERMAN THWIP! YOU ARE IT!
260 _a125 WEST END AVENUE,NEW YORK,NEW YORK,10023
_bMARVEL PRESS
_c2017
942 _2ddc